Najczęściej odgadywane Państwa Azji - Statystyki

Ogólne statystyki
  • Ten quiz został rozwiązany 85 razy
  • Średni wynik to 9 z 10
Statystyki odpowiedzi
% Państwo % Poprawnych
98 Chiny
100%
96 Japonia
98%
93 Indie
95%
92 Korea Południowa
95%
92 Korea Północna
91%
87 Mongolia
80%
86 Irak
78%
90 Kazachstan
78%
91 Turcja
77%
86 Arabia Saudyjska
71%
Nie znaleziono quizów pasujących do podanych kryteriów
Rozkład punktacji
Procent ludzi z każdym wynikiem
Percentyl według liczby udzielonych odpowiedzi
Twoja historia wyników
Nie rozwiązałeś tego quizu